ARRUPE JESUIT UNIVERSITY

CORONAVIRUS -STOP THE SPREAD - CLEAN,DISINFECT,COVER

La civilisation africaine; (Record no. 127477)

MARC details
000 -LEADER
fixed length control field 00840cam a2200265u 4500
001 - CONTROL NUMBER
control field 8410105
003 - CONTROL NUMBER IDENTIFIER
control field ARRUPE
005 - DATE AND TIME OF LATEST TRANSACTION
control field 20180124095119.0
008 - FIXED-LENGTH DATA ELEMENTS--GENERAL INFORMATION
fixed length control field 830809s1936 fr abf 000 0 fre
010 ## - LIBRARY OF CONGRESS CONTROL NUMBER
LC control number 57055967
040 ## - CATALOGING SOURCE
Original cataloging agency DLC
Transcribing agency CarP
Modifying agency DLC
043 ## - GEOGRAPHIC AREA CODE
Geographic area code f------
050 00 - LIBRARY OF CONGRESS CALL NUMBER
Classification number DT14
Item number .F69 1987
300 ## - PHYSICAL DESCRIPTION
Dimensions 24 cm.
100 1# - MAIN ENTRY--PERSONAL NAME
Personal name Frobenius, Leo,
Dates associated with a name 1873-1938.
9 (RLIN) 25828
245 10 - TITLE STATEMENT
Title La civilisation africaine;
Statement of responsibility, etc Leo Frobenius
260 ## - PUBLICATION, DISTRIBUTION, ETC. (IMPRINT)
Place of publication, distribution, etc Paris,
Name of publisher, distributor, etc Le Rocher
Date of publication, distribution, etc 1987
300 ## - PHYSICAL DESCRIPTION
Extent 362 p. ;
440 ## - SERIES STATEMENT/ADDED ENTRY--TITLE
Title Civilization and Tradition
9 (RLIN) 38831
650 #0 - SUBJECT ADDED ENTRY--TOPICAL TERM
Topical term or geographic name as entry element Art, History primitive
9 (RLIN) 38832
650 #0 - SUBJECT ADDED ENTRY--TOPICAL TERM
Topical term or geographic name as entry element Literature, Primitive.
9 (RLIN) 25830
650 #0 - SUBJECT ADDED ENTRY--TOPICAL TERM
Topical term or geographic name as entry element Folk literature
Geographic subdivision Africa.
9 (RLIN) 38833
651 #0 - SUBJECT ADDED ENTRY--GEOGRAPHIC NAME
Geographic name Africa
General subdivision Civilization.
9 (RLIN) 38834
700 ## - ADDED ENTRY--PERSONAL NAME
Personal name H. Back (tr.)
9 (RLIN) 38835
700 ## - ADDED ENTRY--PERSONAL NAME
Personal name D. Ermont (tr.)
9 (RLIN) 38836
906 ## - LOCAL DATA ELEMENT F, LDF (RLIN)
a 0
b cbc
c premunv
d u
e ncip
f 19
g y-gencatlg
942 ## - ADDED ENTRY ELEMENTS (KOHA)
Source of classification or shelving scheme Library of Congress Classification
Koha item type Monograph ( Printed materials)
Holdings
Withdrawn status Lost status Source of classification or shelving scheme Damaged status Not for loan Collection code Home library Current library Shelving location Date acquired Total Checkouts Full call number Barcode Date last seen Price effective from Koha item type
    Library of Congress Classification     Main Collection ARRUPE LIBRARY ARRUPE LIBRARY Main Collection 24/01/2018   DT14 .F69 1987 46600000903 24/01/2018 24/01/2018 Monograph ( Printed materials)

 

Arrupe Library. PO Box MP320 Mt Pleasant, Harare, Zimbabwe
263 242 745411|librarian@aju.ac.zw